Регионална библиотека "Любен Каравелов" - Русе

Отчетен доклад на Централния комитет на Унгарската социалистическа работническа партия пред Осмия конгрес на партията. 20 ноем. 1962 г. (Запис номер 450061)

MARC детайли
000 -Лидер
Контролно поле с фиксирана дължина nam a22 a 4500
003 - Код на организацията, давaща контролен номер
Контролно поле BLK
005 - Дата и час на последна редакция
Контролно поле 20220322120851.0
008 - Елементи от данни с фиксирана дължина
fixed length control field 200311b bul|||||r ||||||| ||bul||
040 ## - Източник на каталожния запис
Идентификатор на билиотеката - собственик на записа BLK
041 ## - Код за език
Код за езика на текст/звукозапис или на отделно заглавие Български
Код за езика КДБФ Български
080 ## - УДК
Текстов определител УДК Комунистически партии. Вж и 327.323
УДК код - определител по УДК 329.15
УДК определител (439)
УДК - код + определител 329.15(439)
080 ## - УДК
Текстов определител УДК Политика
УДК код - определител по УДК 32
УДК определител (439)
УДК - код + определител 32(439)
139 ## - Редно поле
Редна дума УСРП. ЦК. Конгрес, VIII. 1962
245 10 - Сведения за заглавието
Заглавие Отчетен доклад на Централния комитет на Унгарската социалистическа работническа партия пред Осмия конгрес на партията. 20 ноем. 1962 г.
Редно поле (дума) Съавт. Янош Кадар
257 ## - Страна на издаване
Страна на създаване/издаване България
260 ## - Област на издателските данни
Място на издаване, разпространение и проч. София
Име на издателя, разпространителя и проч. БКП
Година на издаване 1963
300 ## - Физическа характеристика
Страници 83 с.
Размери/Мащаб 23 см
380 ## - Жанр
Жанр Обществени науки
650 #7 - Допълнително описание по предмет – тема
Основно описание – тема или топоним Комунистически партии
9 (RLIN) 159105
650 #7 - Допълнително описание по предмет – тема
Основно описание – тема или топоним Социалистическо строителство
9 (RLIN) 171452
650 #0 - Допълнително описание по предмет – тема
Основно описание – тема или топоним Унгария - вътрешна политика
9 (RLIN) 320192
651 #7 - Допълнително описание по предмет - топоним
9 (RLIN) 179707
Географско понятие Унгария
700 ## - Други автори (авторска отговорност)
Лично име Кадар, Янош
Автороска отговорност (Описва отношението между автора и произведението) съавт.
9 (RLIN) 472078
852 ## - Местоположение
Форматна сигнатура Цб 27748
Фондова буква Хранилище
856 4# - Електронен адрес и достъп
Електронен формат pdf - файл
Път до файла /url/
856 4# - Електронен адрес и достъп
Електронен формат pdf - файл
Път до файла /url/
999 ## - СИСТЕМНИ КОНТРОЛНИ НОМЕРА
Koha biblionumber 450061
Koha biblioitemnumber 450061
942 ## - АРТИКУЛИ
Вид на библиотечния материал Книги
Скрит в OPAC Не
Периодичен библиозапис Да
944 ## - СЪЗДАВАНЕ И РЕДАКЦИЯ на ЗАПИСА
Създаване/Редакция Създаване
Дата на регистрацията/редакция 2022-03-22
Служител, извършил регистрацията/редакцията К.Д.
Наличности
Код за отписване Код за изгубен артикул Източник на класификационната схема Код за повреда Коз за рестрикции Код за отдаване Артикулен № Име на библиотеката - собственик Име на библиотеката, в която се намира в момента Статус (Текущо местоположение) Дата на вписване в системата Местоположение - отдел Цена в лева Инвентарен номер Систематично азбучна сигнатура Баркод Цена в евро Служебен тип на артикула
  Не е изгубен Universal Decimal Classification Не е повреден само за читалня ползва се в читалня 878198 Регионална библиотека "Любен Каравелов" Русе Регионална библиотека "Любен Каравелов" Русе Хранилище 2022-03-23 Хранилище 0.16 12048/63 Цб 27748 900000091836 0.08 Книги
Vip Innovations Ltd, Rousse, Bulgaria 2025